Pogoń Szczecin - prawda czy fałsz? - Statystyki

Ogólne statystyki
  • Ten quiz został rozwiązany 138 razy
    24 od ostatniego zresetowania
  • Średni wynik to 10 z 15
Statystyki odpowiedzi
Zagadnienie Odpowiedź % Poprawnych
Pogoń Szczecin po zerwaniu zgody z Legią dalej ma neutralne stosunki. Fałsz
100%
W Pogoni gra 2 Greków. Prawda
100%
Pogoń Szczecin od kiedy przyszedł Kosta Runjaic nie zwolniła trenera. Fałsz
95%
Pogoń była kiedykolwiek w fazie grupowej ligi Europy. Fałsz
90%
Maskotką Pogoni jest Gryfus. Prawda
90%
W kadrze pogoni jest więcej obcokrajowców niż Polaków. Prawda
80%
Jedyną zgodą Pogoni jest Kotwica Kołobrzeg. Fałsz
75%
Pogoń w tabeli wszechczasów jest przed Cracovią. Prawda
75%
Piłkarzem z najdłuższym stażem w Pogoni Szczecin jest Kacper Smoliński. Prawda
65%
Waldemar Fornalik był trenerem Pogoni Szczecin. Fałsz
60%
Olgierd Moskalewicz ma zastrzeżony numer w Pogoni. Prawda
60%
Bartosz Klebaniuk nigdy nie zachował czystego konta w Pogoni. Prawda
50%
CEO klubu jest Tan Kessler. Fałsz
35%
Pogoń zadebiutowała w Ekstraklasie w latach sześćdziesiątych Fałsz
20%
Pogoń ma zgodę z Legią Warszawa. Prawda
0%
Nie znaleziono quizów pasujących do podanych kryteriów
Rozkład punktacji
Procent ludzi z każdym wynikiem
Percentyl według liczby udzielonych odpowiedzi
Twoja historia wyników
Nie rozwiązałeś tego quizu od ostatniego zresetowania